Adivina el jugador actual Nivel Medio - Estadísticas

Estadísticas generales
  • Esta prueba ha sido intentada 104 veces
  • La puntuación promedio es 13 de 16
Estadísticas de respuestas
Imagen Respuesta % Correcto
Federico Valverde
99%
Marco Reus
89%
Yann Sommer
89%
Marc Casadó
88%
Dayot Upamecano
85%
Iñaki Peña
85%
Jérémy Doku
85%
William Saliba
85%
Viktor Gyökeres
81%
Jeremie Frimpong
77%
Nicolas Jackson
76%
Federico Dimarco
75%
Reinildo
74%
Rodrigo Riquelme
65%
Ben White
60%
Tammy Abraham
46%
No se encontraron pruebas coincidentes
Distribución de puntuación
Porcentaje de gente con cada puntuación
Porcentaje por número respondido
Historial de tus puntuaciones
No has intentado esta prueba.